000 01779nam a2200241Ia 4500
003 Ost
005 20260507075357.0
008 260507s9999||||xx |||||||||||||| ||und||
020 _a978977634105
040 _cfsecg
041 _aara
082 _a330
100 _aنخال، أيمن محمد صبري شعبان
_eمؤلف
245 0 _aمراجعة الحسابات في بيئة التجارة الالكترونية /
_c أيمن محمد صبري شعبان نخال
260 _aالإسكندرية:
_bدار التعليم الجامعي,
_c2010
300 _a234 صفحة؛
_bإيضاحات ؛
_c25 سم
504 _aالمراجع ص.223
520 _aأهمية دراسة مراجعة الحسابات في بيئة التجارة الالكترونية-التجارة الالكترونية:الملامح والأخطار-الأبعاد القانونية للتجارة الإلكترونية-مخاطر التجارة الإلكترونية وتأمين المعلومات-أدلة الإثبات وإجراءات المراجعة في بيئة التجارة الالكترونية-أنواع أدلة الإثبات في ضوء التشغيل الالكتروني للبيانات-أدلة الاثبات وإجراءات المراجعة في ضوء التجارة الالكترونية-دور مراجع الحسابات في بيئة التجارة الالكترونية-خدمات التأكيد على التجارة الالكترونية:خدمات الثقة في الويب-خدمات التأكيد على مصداقية النظام:خدمات الثقة في النظام
653 _aالتجارة الالكترونية
653 _aتدقيق الحسابات
653 _aمراجعة الحسابات
942 _cكتاب
999 _c44234
_d44234